000 00961nam2a2200229 4500
001 rc\2867621
005 20260315051412.0
035 _a(NLR Aleph) 007021311
090 _a13581399
_c13581399
100 _a20260315 rusy50
101 0 _arus
102 _aRU
105 _aa z |||||
200 0 _aЗадание 5
210 _dБ. г.
215 _a55 с.
_cчерт.
461 0 _1001rc\2867619
_12000#$aМатематика$fСоставил Б.М. Шумягский$gЦентр. политехн. заоч. ин-т транспорта ...$vЗадание 5
_95911513
_aЦентральный политехнический заочный институт транспорта (Москва)
_c[Москва]
_dБ. г.
_fСоставил Б.М. Шумягский
_nУчпедгиз
_tМатематика
_vЗадание 5
801 0 _aRU
_bNLR
_gpsbo
801 1 _aRU
_bELAR
_2rusmarc
852 _aNLR
_j31-17/482(4)
942 _cUNSPEC
980 _aNB